|
书名:
|
现代生活与化学
|
|
|
作者:
|
涂长信
主编
|
|
出版信息:
|
济南
山东大学出版社
2006.08
|
|
开本页数:
|
24cm 
303页
|
|
丛书名:
|
香樟书库
|
|
单 册:
|
|
|
中图分类:
|
O6
|
|
科图分类:
|
|
|
主题词:
|
化学--普及读物
|
|
电子资源:
|
|
|
ISBN:
|
7-5607-3211-9
|
|
000
|
00849nam 2200265 450
|
|
001
|
2982
|
|
005
|
20061203112457.66
|
|
010
|
|
@a7-5607-3211-9@dCNY24.60
|
|
100
|
|
@a20061203d2006 km y0chiy0120 ea
|
|
101
|
0
|
@achi
|
|
102
|
|
@aCN@b370000
|
|
105
|
|
@aa a 000yy
|
|
106
|
|
@ar
|
|
200
|
1
|
@a现代生活与化学@Axian dai sheng huo yu hua xue@f主编涂长信@Fzhu bian tu chang xin
|
|
210
|
|
@a济南@c山东大学出版社@d2006.08
|
|
215
|
|
@a303页@c图@d24cm
|
|
225
|
2
|
@a香樟书库@Axiang zhang shu ku
|
|
320
|
|
@a有书目 (第301-303页)。
|
|
330
|
|
@a本书利用化学基础知识,从健康、饮食、环境、能源等方面进行了全面论述,包括:人体生存的基础,化学元素与人体健康,饮食健康与化学等。
|
|
461
|
0
|
@12001 @a香樟书库
|
|
606
|
0
|
@a化学@j普及读物
|
|
690
|
|
@aO6@v4
|
|
701
|
0
|
@a涂长信@Atu chang xin@4主编
|
|
801
|
0
|
@aCN@bJL@c20091201
|
|
905
|
|
@dO6@e525
|
|
|
|
|
| |
| 现代生活与化学/主编涂长信.-济南:山东大学出版社,2006.08 |
| 303页:图;24cm.-(香樟书库) |
| |
| |
| ISBN 7-5607-3211-9:CNY24.60 |
| 本书利用化学基础知识,从健康、饮食、环境、能源等方面进行了全面论述,包括:人体生存的基础,化学元素与人体健康,饮食健康与化学等。 |
| ● |
正题名:现代生活与化学
索取号:O6/525
 
预约/预借
| 序号
|
登录号
|
条形码
|
馆藏地/架位号
|
状态
|
备注
|
|
1
|
291492
|
300291492
|
柳城-4楼/2架12列1层/
[索取号:O6/525]
|
在馆
|
|
|
2
|
291493
|
300291493
|
柳城-4楼/2架12列1层/
[索取号:O6/525]
|
在馆
|
|
|
3
|
291494
|
300291494
|
海科密-1楼/48架7列3层/
[索取号:O6/525]
|
在馆
|
|
|
4
|
291495
|
300291495
|
柳城-4楼/2架12列1层/
[索取号:O6/525]
|
在馆
|
|
|
5
|
291496
|
300291496
|
海科密-1楼/48架6列1层/
[索取号:O6/525]
|
在馆
|
|